BSOP header

Mishneh todah : studies in Deuteronomy and its cultural environment in honor of Jeffrey H. Tigay / (Record no. 38222)

MARC details
000 -LEADER
fixed length control field 03867cam a2200289 a 4500
001 - CONTROL NUMBER
control field 265738046
003 - CONTROL NUMBER IDENTIFIER
control field OSt
005 - DATE AND TIME OF LATEST TRANSACTION
control field 20150423172310.0
008 - FIXED-LENGTH DATA ELEMENTS--GENERAL INFORMATION
fixed length control field 081024s2009 inua b 011 0 eng
010 ## - LIBRARY OF CONGRESS CONTROL NUMBER
LC control number 2008046524
020 ## - INTERNATIONAL STANDARD BOOK NUMBER
International Standard Book Number 9781575061566
020 ## - INTERNATIONAL STANDARD BOOK NUMBER
International Standard Book Number 1575061562
245 00 - TITLE STATEMENT
Title Mishneh todah : studies in Deuteronomy and its cultural environment in honor of Jeffrey H. Tigay /
Statement of responsibility, etc edited by Nili Sacher Fox, David A. Glatt-Gilad, and Michael J. Williams.
260 ## - PUBLICATION, DISTRIBUTION, ETC. (IMPRINT)
Place of publication, distribution, etc Winona Lake, Ind. :
Name of publisher, distributor, etc Eisenbrauns,
Date of publication, distribution, etc 2009.
300 ## - PHYSICAL DESCRIPTION
Extent xxxiv, 550 p. :
Other physical details ill. ;
Dimensions 24 cm.
336 ## - CONTENT TYPE
Source rdacontent
Content Type Term text
337 ## - MEDIA TYPE
Source rdamedia
Media Type Term unmediated
338 ## - CARRIER TYPE
Source rdacarrier
Carrier Type Term volume
504 ## - BIBLIOGRAPHY, ETC. NOTE
Bibliography, etc Includes bibliographical references and indexes.
505 0# - FORMATTED CONTENTS NOTE
Formatted contents note A colleague's appreciation / David Stern -- A student's appreciation / Rifat Sonsino -- Abbreviations -- Bibliography of the publications of Jeffrey H. Tigay -- A deuteronomic voice in the Joseph story / Michael Carasik -- Textual harmonizations in the ancient texts of Deuteronomy / Emanuel Tov -- The visit of Jethro: a case of chronological displacement? the source-critical solution / Baruch J. Schwartz -- Gender transformation and transgression: contextualizing the prohibition of cross-dressing in Deuteronomy 22:5 / Nili Sacher Fox -- Dinah, ʻInnah, and related matters / S. David Sperling -- Sex and the single girl in Deuteronomy 22 / Adele Berlin -- Taking interest in taking interest / Michael J. Williams -- "My father was a wandering Aramean" (Deuteronomy 26:5) or "Edom served my father"? / Yair Zakovitch -- Rewritten Deuteronomy in 1QS and in m. Soṭah 7:5 / Mayer I. Gruber -- The lost meaning of Deuteronomy 33:2 as preserved in the Palestinian targum to Exodus 20:2 / Richard C. Steiner and Sid Z. Leiman -- Israelian Hebrew features in Deuteronomy 33 / Gary A. Rendsburg -- Revealed and concealed: the status of the law (book) of Moses within the Deuteronomistic history / David A. Glatt-Gilad -- Deuteronomy in the Temple: an exercise in historical imagining / Ziony Zevit -- Deuteronom(ist)ic influences on Deutero-Isaiah / Shalom M. Paul -- The scribal concern for the Torah as evidenced by the textual witnesses of the Hebrew Bible / Alexander Rofé -- Three Midrashim concerning our great leaders, Moses and David: the doctrine of grace in Sifre Deuteronomy / Reuven Hammer -- One God for many: philological glosses on monotheism / William W. Hallo -- The divinity of humankind in the Bible and the ancient Near East: a new Mesopotamian parallel / Victor Avigdor Hurowitz -- Does God deceive? an examination of the dark side of Isaiah's prophecy / Israel Knohl -- The unique features of Ezekiel's sanctuary / Jacob Milgrom -- On the place of Psalm 21 in Israelite royal ideology / Shawn Zelig Aster -- Myth and syntax in Psalm 93 / Stephen A. Geller -- The problem of evil in the book of Job / Edward L. Greenstein -- Examples of restatement in the laws of Hammurabi / Barry L. Eichler -- Literary-critical issues in the Hebrew Bible from an Assyriological perspective: additions and omissions / Mordechai Cogan -- Biblical naming reports with [ʻal-ken ḳara] / Dana M. Pike -- The ancient critical misunderstanding of Exodus 21:22-25 and its implications for the current debate on abortion / Chaim Cohen -- Linen and the linguistic dating of P / Frederick W. Knobloch -- A new approach to metaphor in biblical poetry / Andrea L. Weiss -- The four private persons who lost their share in the world to come: the judgment of m. Sanh. 10:2 / Baruch A. Levine -- Hermeneutical freedom and constraint in Jewish Bible exegesis / Moshe Greenberg.
630 00 - SUBJECT ADDED ENTRY--UNIFORM TITLE
Uniform title Bible.
Name of part/section of a work Deuteronomy
General subdivision Criticism, interpretation, etc.
700 1# - ADDED ENTRY--PERSONAL NAME
Personal name Tigay, Jeffrey H.
700 1# - ADDED ENTRY--PERSONAL NAME
Personal name Fox, Nili Sacher.
700 1# - ADDED ENTRY--PERSONAL NAME
Personal name Glatt-Gilad, David A.,
Dates associated with a name 1961-
700 1# - ADDED ENTRY--PERSONAL NAME
Personal name Williams, Michael James,
Dates associated with a name 1956-
942 ## - ADDED ENTRY ELEMENTS (KOHA)
Source of classification or shelving scheme Library of Congress Classification
Item type Books
Holdings
Withdrawn status Lost status Source of classification or shelving scheme Damaged status Not for loan Home library Current library Shelving location Date acquired Inventory number Total Checkouts Full call number Barcode Date last seen Price effective from Koha item type
    Library of Congress Classification     BSOP Library BSOP Library Reference 04/23/2015 37046   BS1275.2 M68f 2009 00045146 04/23/2015 04/23/2015 Books
BSOP

Biblical Seminary of the Philippines
  All rights Reserved
  © 2024

CONTACT INFORMATION

Biblical Seminary of the Philippines,
  77-B Karuhatan Road, Valenzuela City,
  PHILIPPINES 1441
  Phone: +632 8292-6795 / 8292-6798
  Fax : +632 8292-6675
  Email: library@bsop.edu.ph